zpět

Detail výsledku týmu

Tankovna U Učíků, Vrchlabí

Datum a čas kvízu

32.5 Celkem bodů Celkový počet nahraných bodů na tomto kvízu bez doplňovacích otázek.
4. Pořadí na kvízu Konečné umístění týmu na tomto kvízu.

Zaznamenané odpovědi

# Otázka Odpověď Body Výsledky
1. K razantnímu kroku přistoupila... tepláky a crop topy (krátká trika) 1
2. Který bývalý evropský preziden... Nicolas Sarkozy 1
3. Minulý týden proběhl v Brně me... Straka 0
4. Do Česka přichází nový módní ř... z Japonska 1
5. Dvěma pilotům formule 1 se min... Carlos Sainz; Charles Leclerc 0.5
6. Gesto, které vidíme na obrázku... 1B 2D 3C 4A 1
7. Gesto na obrázku znamená v mno... o stoletou válku 0
8. Sheldon Cooper v Teorii velkéh... papír a tapír (ještěr) 1
9. Která dvě písmena české dvouru... CH, R 0.5
10. Na výřezu z obrazu francouzské... paroháč (že je mu žena nevěrná) 0